000 00568cam a2200193 4500500
005 20250921003615.0
041 _afre
042 _adc
100 1 0 _aTenaillon, Nicolas
_eauthor
245 0 0 _aPourquoi voulons-nous être bronzés ?
260 _c2018.
500 _a84
690 _aBronzage
690 _aDiogène
690 _aGeorges Vigarello
690 _aNietzsche
786 0 _nPhilosophie Magazine | 121 | 8 | 2018-07-01 | p. 37-37
856 4 1 _uhttps://shs.cairn.info/magazine-philosophie-magazine-2018-8-page-37?lang=fr&redirect-ssocas=7080
999 _c1506649
_d1506649